Federale Regering - Statistieken

Algemene statistieken
  • Deze quiz is 14 keer genomen
  • De gemiddelde score is 6 van 21
Antwoordstatistieken
Partij Naam % Correct
Open VLD Alexander De Croo
100%
CD&V Annelies Verlinden
100%
MR Didier Reynders
50%
PS Eliane Tillieux
50%
Vooruit Frank Vandenbroucke
50%
Open VLD Paul Van Tigchelt
50%
Groen Petra De Sutter
50%
Open VLD Stephanie D'Hose
50%
CD&V Vincent Van Peteghem
50%
Open VLD Alexia Bertrand
0%
MR Bernard Quintin
0%
MR David Clarinval
0%
Ecolo Georges Gilkinet
0%
PS Karine Lalieux
0%
PS Ludivine Dedonder
0%
Ecolo Marie-Colline Leroy
0%
MR Mathieu Michel
0%
CD&V Nicole De Moor
0%
PS Pierre-Yves Dermagne
0%
Groen Tinne Van Der Straeten
0%
Ecolo Zakkia Khattabi
0%
Geen overeenkomende quizzen gevonden
Scoreverdeling
Procent van Mensen met Elke Score
Percentiel versus Aantal Correcte Antwoorden
Uw Scoregeschiedenis
U heeft deze quiz nog niet genomen